000 01022cam a22002892 4500
001 5816
003 BD-RjUL
005 20211208234132.0
008 140107r19701946maua b 001 0 eng c
035 _aOCLC ocm00945757 from D970605M
_a(BD-RjUL)5855
040 _aHarvard Univ. Library
_cHRM
_dSER
_dEQO
_dBD-RjUL
_beng
041 _aeng
082 0 0 _a336.73
_bMAF 1970
100 1 _aMaxwell, James Ackley,
_d1897-1975.
_918274
245 1 4 _aThe fiscal impact of federalism in the United States /
_cby James A. Maxwell.
260 _aNew York :
_bRussell & Russell,
_cc1946 [Reissued 1970].
300 _axvi p., 2 β., [3]-427 p. :
_c23 cm.
_btables, diagrs. ;
490 1 _aHarvard economic studies.
_vVol. LXXIX
504 _aBibliographical foot-notes and index.
650 0 _aFinance
_zUnited States.
_918275
650 0 _aFederal government
_zUnited States.
_917930
830 0 _vVol. LXXIX.
_918279
830 0 _aHarvard economic studies ;
_96684
942 _2ddc
_cBK
999 _c5816
_d5816